Komparatívna analýza účtovníctva podnikateľov podľa IFSR a národnej úpravy SR dizertačná práca

Gespeichert in:
Bibliographische Detailangaben
1. Verfasser: Mokošová, Daša, 1979-
Körperschaft: Fakulta hospodárskej informatiky EU. Katedra účtovníctva a audítorstva
Weitere Verfasser: Baštincová, Anna
Format: Buch
Sprache:Slowakisch
Veröffentlicht: Bratislava 2009
Schlagworte:
Tags: Tag hinzufügen
Keine Tags, Fügen Sie das erste Tag hinzu!

MARC

LEADER 00000nam$a2200000$$$4500
001 0105374
005 20240502072149.6
041 0 |a slo 
044 |a SK 
245 1 0 |a Komparatívna analýza účtovníctva podnikateľov podľa IFSR a národnej úpravy SR  |b dizertačná práca  |c Daša Mokošová ; škol. Anna Baštincová 
264 1 |a Bratislava  |c 2009 
300 |a 197 s. 
610 2 0 |a štandardy účtovné medzinárodné 
610 2 0 |a účtovníctvo 
610 2 0 |a majetok dlhodobý 
610 2 0 |a majetok nehmotný 
610 2 0 |a náklady 
610 2 0 |a výkazy účtovné 
100 1 |a Mokošová, Daša, 1979- 
700 1 |a Baštincová, Anna 
710 2 |a Fakulta hospodárskej informatiky EU. Katedra účtovníctva a audítorstva